LEADER 01640cam2-2200445---450- 001 990005783060403321 005 20100607104927.0 035 $a000578306 035 $aFED01000578306 035 $a(Aleph)000578306FED01 035 $a000578306 100 $a19990604d1985----km-y0itay50------ba 101 0 $aita 102 $aIT 105 $aa---a---001yy 200 1 $a<>giardino del Conservatorio di S. Caterina della Rosa$fa cura di Daniele Manacorda$gtesti di Valeria Bartoloni ... [et al.]$gdocumentazione grafica di Matilde Cante ... [et al]$gfotografie di Maurizio Necci 210 $aFirenze$cAll'Insegna del Giglio$d1985 215 $a2 v. (130; 131-633 p.)$cill.$d29 cm 225 1 $aBiblioteca di archeologia medievale$v4 461 0$1001000462881$12001$aArcheologia urbana a Roma$v3, 1/2 610 0 $aConservatorio di S. Caterina della Rosa 610 0 $aScavi archeologici$aRoma 610 0 $aArcheologia medievale$aRoma 676 $a937.6$v21$zita 676 $a945.632 702 1$aManacorda,$bDaniele 702 1$aBartoloni,$bValeria 702 1$aCante,$bMatilde 702 1$aNecci,$bMaurizio 801 0$aIT$bUNINA$gRICA$2UNIMARC 901 $aBK 912 $a990005783060403321 952 $a937.6 BAM 1 (4.1 BIS)$bDIP.DIS.ST. 2817$fFLFBC 952 $a937.6 BAM 1 (4.2)$bDIP.DIS.ST. 2817$fFLFBC 952 $a937.6 BAM 1 (4.1)$bDip.d.s.6092$fFLFBC$m10-59001 952 $a937.6 BAM 1 (3,1)$b11998 Bibl.$fFLFBC 952 $a937.6 BAM 1 (3,2)$b11998 Bibl.$fFLFBC 959 $aFLFBC 996 $aGiardino del Conservatorio di S. Caterina della Rosa$9570212 997 $aUNINA LEADER 01418nam 2200433Ia 450 001 996395245903316 005 20200824132043.0 035 $a(CKB)3810000000018499 035 $a(EEBO)2240971840 035 $a(OCoLC)ocm12621728e 035 $a(OCoLC)12621728 035 $a(EXLCZ)993810000000018499 100 $a19851001d1675 uy | 101 0 $aeng 135 $aurbn||||a|bb| 200 10$aPsyche$b[electronic resource] $ea tragedy /$fwritten by Tho. Shadwell 210 $aLondon $cPrinted by T.N. for Henry Herringman ...$d1675 215 $a[12], 72 p 300 $aAdaptation of: Psyché / Molière. 300 $aConsidered by some to be the first English opera. Cf. NUC pre-1956. 300 $a"Acted at the Duke's Theatre." 300 $aIncludes untitled songs without the music by Matthew Locke and Draghi. Cf. New Grove. 300 $aErrata: p. [11] 300 $aReproduction of original in British Library. 330 $aeebo-0018 700 $aShadwell$b Thomas$f1642?-1692.$0969846 701 $aMolie?re$f1622-1673.$0389055 701 $aLocke$b Matthew$f1621 or 2-1677.$01002104 701 $aDraghi$b Giovanni Battista$fca. 1640-1708.$01002105 801 0$bEAA 801 1$bEAA 801 2$bm/c 801 2$bEAA 801 2$bUMI 801 2$bWaOLN 906 $aBOOK 912 $a996395245903316 996 $aPsyche$92300005 997 $aUNISA